000 00730nam a2200265Ia 4500
003 OSt
005 20221006142210.0
006 a|||||r|||| 00| 0
007 ta
008 221006b |||||||| |||| 00| 0 eng d
020 _c
_45.00
024 _a5,638
037 _cTextual
040 _aEASL
_cEASL
_beng
041 _2eng
_aeng
082 _aY31.4.N93, N4
100 _aKOPPEL Bruce etc, Ed.
_9647166
245 0 _aDevelopment or deterioration?
_b Work in rural Asia
260 _aBoulder
_bLynne Rienner Publishers
_c1994
300 _a325p.
_ccm.
490 _v Oth
650 _aRural China
_9647167
942 _hY31.4.N93, N4
_cTEXL
_2CC
999 _c1073724
_d1073724